ბათუმის შოთა რუსთაველის სახელმწიფო უნივერსიტეტის ბიბლიოთეკა

ძახილი ; სერობის შემდეგ : (ბიბ.ჩანაწერი № 39667)

000 -ლიდერი
ფიქსირებული სიგრძის საკონტროლო ველი 00901nam a2200229Ia 4500
001 - საკონტროლო ნომერი
საკონტროლო ველი 6269
003 - საკონტროლო ნომრის იდენტიფიკატორი
საკონტროლო ველი GE_BSU
005 - ბოლო ოპერაციის თარიღი და დრო
საკონტროლო ველი 20190927161837.0
008 - ფიქსირებული სიგრძის მონაცემთა ელემენტები - ზოგადი ინფორმაცია
ფიქსირებული სიგრძის საკონტროლო ველი 181216s1975||||ge |||||||||||||| ||geo||
040 ## - კატალოგიზაციის წყარო
Transcribing agency GE_BSU
041 ## - ენის კოდი
Language code of text/sound track or separate title geo
080 ## - უნივერსალური ათობითი კლასიფიკაციის ინდექსი
Universal Decimal Classification number 821.353.1-31 ბ-17
100 ## - მთავარი ჩანაწერი - პიროვნების სახელი
Personal name ბათიაშვილი, გურამ
9 (RLIN) 4367
245 ## - ცნობა სათაურის შესახებ
Title ძახილი ; სერობის შემდეგ :
Remainder of title პიესები /
Statement of responsibility, etc გურამ ბათიაშვილი ; რედ. ვ. კიკნაძე.
264 ## - წარმოების, გამოცემის, დისტრიბუციის და სხვა ცნობები
გამოცემის, წარმოების, დისტრიბუციის... ადგილი თბილისი :
გამოცემის, წარმოების, დისტრიბუციის... სახელწოდება საქ.თეატრალური საზ-ბა ;
გამოცემის, წარმოების, დისტრიბუციის... თარიღი 1975.
300 ## - ფიზიკური აღწერა
Extent 202 გვ. ;
Dimensions 14 სმ.
653 ## - INDEX TERM--UNCONTROLLED
Uncontrolled term ძახილი
653 ## - INDEX TERM--UNCONTROLLED
Uncontrolled term სერობის შემდეგ
653 ## - INDEX TERM--UNCONTROLLED
Uncontrolled term პიესები
700 ## - ADDED ENTRY--PERSONAL NAME
Personal name კიკნაძე, ვ.
Relator term რედაქტორი
9 (RLIN) 4368
942 ## - ADDED ENTRY ELEMENTS (KOHA)
Koha item type წიგნი
Source of classification or shelving scheme
ეგზემპლარები
ჩამოწერის სტატუსი დაკარგული ეგზემპლარის სტატუსი კლასიფიკაციის წყარო ან თაროზე გაწყობის სქემა დაზიანების სტატუსი არ გაიცემა მუდმივი მდებარეობა (დაცვის ადგილი) ამჟამინდელი ადგილსამყოფელი თაროზე განთავსების ადგილი შეძენის თარიღი ღირებულება, შესყიდვის ნორმალური ფასი სრული შენახვის შიფრი შტრიხკოდი ბოლო ოპერაციის თარიღი ეგზემპლარის მიმდევრობითი ნომერი (კეტერი?) ფასის ძალაში შესვლის თარიღი ეგზემპლარის სახეობა საჯარო შენიშვნა
          ბათუმის შოთა რუსთაველის სახელმწიფო უნივერსიტეტის მთავარი ბიბლიოთეკა ბათუმის შოთა რუსთაველის სახელმწიფო უნივერსიტეტის მთავარი ბიბლიოთეკა წიგნის კალათა 2018-12-17 0.54 821.353.1-31 ბ-17 13911 2018-12-17 13911 2018-12-17 წიგნი 0.54 ლ.